000 00534cam a2200169 i 4500
005 20251231094821.0
008 250721s2018 ua gr 000 0 ara d
020 _a9789776541542
082 1 4 _a219.1
_bع م ر
100 1 _aالعمري، أحمد خيري
_eمؤلف.
245 1 0 _aالسيرة مستمرة /
_cد. احمد خيري العمري.
264 3 1 _bعصير الكتب،
_c2018.
_aالقاهرة.
300 _a448 صفحة.
650 1 7 _aالسيرة النبوية.
942 _2ddc
_cBK
999 _c137493
_d137493